header

On-chip ESD protection for integrated circuits (Record no. 65651)

MARC details
000 -LEADER
fixed length control field 01424nam a2200325Ia 4500
100 1# - MAIN ENTRY--AUTHOR NAME
Personal name Wang, Albert Z. H.,
245 10 - TITLE STATEMENT
Title On-chip ESD protection for integrated circuits
260 ## - PUBLICATION, DISTRIBUTION, ETC. (IMPRINT)
Place of publication Boston, Mass. :
Name of publisher Kluwer Academic,
Year of publication 2002.
300 ## - PHYSICAL DESCRIPTION
Number of Pages xvi, 303 p. :
Other physical details ill.
490 1# - SERIES STATEMENT
Series statement The Kluwer international series in engineering and computer science ;
650 #0 - SUBJECT ADDED ENTRY--TOPICAL TERM
Topical Term Integrated circuits
Topical Term Integrated circuits
Topical Term Electric discharges
Topical Term Electrostatics.
856 40 - ELECTRONIC LOCATION AND ACCESS
Uniform Resource Identifier http://site.ebrary.com/lib/rucke/Doc?id=10053392

No items available.

© 2026 Rongo University
Contact us: librarian | system librarian | Rongo university